<?xml version="1.0" encoding="UTF-8"?>
<record
    xmlns:xsi="http://www.w3.org/2001/XMLSchema-instance"
    xsi:schemaLocation="http://www.loc.gov/MARC21/slim http://www.loc.gov/standards/marcxml/schema/MARC21slim.xsd"
    xmlns="http://www.loc.gov/MARC21/slim">

  <leader>02381nam a2200277 a 4500</leader>
  <controlfield tag="001">000048323</controlfield>
  <controlfield tag="003">DO-SdBNP</controlfield>
  <controlfield tag="005">20230508090653.0</controlfield>
  <controlfield tag="008">190128s2017    dr   000 0 spa d</controlfield>
  <datafield tag="020" ind1=" " ind2=" ">
    <subfield code="a">9789945894639</subfield>
  </datafield>
  <datafield tag="040" ind1=" " ind2=" ">
    <subfield code="a">DO-SdBNP</subfield>
    <subfield code="b">spa</subfield>
    <subfield code="c">BPMSU </subfield>
  </datafield>
  <datafield tag="082" ind1=" " ind2=" ">
    <subfield code="a">R920.72</subfield>
    <subfield code="b">M953p  2017</subfield>
    <subfield code="2">22</subfield>
  </datafield>
  <datafield tag="245" ind1="1" ind2="4">
    <subfield code="a">Las mujeres y la patria /</subfield>
    <subfield code="c">compiladora Eleanor Grilmaldi Sili&#xE9;.</subfield>
  </datafield>
  <datafield tag="260" ind1=" " ind2=" ">
    <subfield code="a">Santo Domingo :</subfield>
    <subfield code="b">Academia de Ciencias de la Rep&#xFA;blica Dominicana,</subfield>
    <subfield code="c">2017.</subfield>
  </datafield>
  <datafield tag="300" ind1=" " ind2=" ">
    <subfield code="a">96 p. :</subfield>
    <subfield code="b">il., retrs. ;</subfield>
    <subfield code="c">23 cm.</subfield>
  </datafield>
  <datafield tag="490" ind1="0" ind2=" ">
    <subfield code="a">Publicaciones de la Ademia de Ciencias de la Rep&#xFA;blica Dominicana;</subfield>
    <subfield code="a">Conferencias</subfield>
  </datafield>
  <datafield tag="504" ind1=" " ind2=" ">
    <subfield code="a">Bibliograf&#xED;a: p. 95-96</subfield>
  </datafield>
  <datafield tag="505" ind1="0" ind2=" ">
    <subfield code="a">&#x2022; Presentaci&#xF3;n -- 11 &#x2022; Introducci&#xF3;n -- 15 &#x2022; Las mujeres&#x2026; y la patria -- 17 &#x2022; Diego Col&#xF3;n -- 31 &#x2022; Mujeres en la independencia -- 35 &#x2022; Concepci&#xF3;n Bona -- 36 &#x2022; Josefa Antonia P&#xE9;rez de la Paz -- 38 &#x2022; Otras mujeres febreristas -- 40 &#x2022; Mar&#xED;a Trinidad S&#xE1;nchez (1794-1845) -- 40 &#x2022; Mujeres de la familia Duarte -- 43 &#x2022; Manuela Diez y Rosa Duarte -- 43 &#x2022; Mar&#xED;a de las Angustias Villa (1814/1898) -- 47 &#x2022; Filomena Joaquina G&#xF3;mez Grater&#xF3;, viuda de la Cova -- 48 &#x2022; Froilana Febles -- 49 &#x2022; Mar&#xED;a de Jes&#xFA;s Pina -- 50 &#x2022; Rosa Bastardo de Guillermo -- 51 &#x2022; Mar&#xED;a Baltazara de los Reyes -- 52 &#x2022; Josefa Perdomo y Heredia -- 54 &#x2022; Ana Valverde -- 54 &#x2022; Juana de la Merced Trinidad. Juana Saltitopa conocida como la Coronela -- 57 &#x2022; Petronila Gau -- 58 &#x2022; Mar&#xED;a Rosa Mont&#xE1;s de Duverg&#xE9; -- 60 &#x2022; Socorro S&#xE1;nchez -- 62 &#x2022; La mujer en la vida republicana. Su educaci&#xF3;n -- 67 &#x2022; La mujer en la ocupaci&#xF3;n norteamericana -- 67 &#x2022; Algunas mujeres lucharon dentro del pa&#xED;s y desde el exterior durante la ocupaci&#xF3;n norteamericana de 1916 -- 68 &#x2022; Mujeres y oposici&#xF3;n durante la dictadura de Rafael Trujillo -- 72 &#x2022; Evangelina Rodr&#xED;guez Perozo -- 74 &#x2022; Las mujeres en abril -- 75 &#x2022; Hilda Gautreau -- 75 &#x2022; Yolanda Guzm&#xE1;n -- 76 &#x2022; Emma Tav&#xE1;rez Justo -- 76 &#x2022; Piky Lora -- 77 &#x2022; Aniana Vargas -- 78 &#x2022; Bibliograf&#xED;a -- 95</subfield>
  </datafield>
  <datafield tag="590" ind1=" " ind2=" ">
    <subfield code="a">Inventariado, 2021/VM</subfield>
  </datafield>
  <datafield tag="650" ind1=" " ind2="4">
    <subfield code="a">Mujeres en la historia </subfield>
    <subfield code="z">Rep&#xFA;blica Dominicana </subfield>
    <subfield code="v"> </subfield>
    <subfield code="2"> </subfield>
  </datafield>
  <datafield tag="651" ind1=" " ind2="4">
    <subfield code="a">Rep&#xFA;blica Dominicana</subfield>
    <subfield code="x">Historia</subfield>
  </datafield>
  <datafield tag="700" ind1="1" ind2=" ">
    <subfield code="a">Grimaldi Sili&#xE9;, Eleanor</subfield>
    <subfield code="d">1948-</subfield>
    <subfield code="e">compiladora</subfield>
  </datafield>
  <datafield tag="710" ind1="2" ind2=" ">
    <subfield code="a">Academia de Ciencias de la Rep&#xFA;blica Dominicana</subfield>
  </datafield>
  <datafield tag="910" ind1=" " ind2=" ">
    <subfield code="a">VMateo V. Control de calidad (BPMSU)</subfield>
  </datafield>
  <datafield tag="942" ind1=" " ind2=" ">
    <subfield code="2">ddc</subfield>
    <subfield code="c">BK</subfield>
  </datafield>
  <datafield tag="952" ind1=" " ind2=" ">
    <subfield code="0">0</subfield>
    <subfield code="1">0</subfield>
    <subfield code="2">ddc</subfield>
    <subfield code="4">0</subfield>
    <subfield code="7">0</subfield>
    <subfield code="8">CD</subfield>
    <subfield code="a">BPMET</subfield>
    <subfield code="b">BPMET</subfield>
    <subfield code="d">2021-11-26</subfield>
    <subfield code="e">Academia de Ciencias </subfield>
    <subfield code="o">BPMSU CDR R920.72 G861m 2017</subfield>
    <subfield code="p">BPMSU21110136</subfield>
    <subfield code="r">2021-11-26</subfield>
    <subfield code="w">2021-11-26</subfield>
    <subfield code="y">BK</subfield>
  </datafield>
  <datafield tag="952" ind1=" " ind2=" ">
    <subfield code="0">0</subfield>
    <subfield code="1">0</subfield>
    <subfield code="2">ddc</subfield>
    <subfield code="4">0</subfield>
    <subfield code="7">0</subfield>
    <subfield code="8">CD</subfield>
    <subfield code="a">BPMET</subfield>
    <subfield code="b">BPMET</subfield>
    <subfield code="d">2021-11-26</subfield>
    <subfield code="e">Academia de ciencias </subfield>
    <subfield code="o">BPMSU CDR R920.72 G861m 2017</subfield>
    <subfield code="p">BPMSU21110137</subfield>
    <subfield code="r">2021-11-26</subfield>
    <subfield code="t">e.2</subfield>
    <subfield code="w">2021-11-26</subfield>
    <subfield code="y">BK</subfield>
  </datafield>
  <datafield tag="952" ind1=" " ind2=" ">
    <subfield code="0">0</subfield>
    <subfield code="1">0</subfield>
    <subfield code="2">ddc</subfield>
    <subfield code="4">0</subfield>
    <subfield code="7">0</subfield>
    <subfield code="8">CD</subfield>
    <subfield code="a">BPMET</subfield>
    <subfield code="b">BPMET</subfield>
    <subfield code="d">2021-11-26</subfield>
    <subfield code="e">Academia de ciencias </subfield>
    <subfield code="o">BPMSU CDR R920.72 G861m 2017</subfield>
    <subfield code="p">BPMSU22030120</subfield>
    <subfield code="r">2022-03-25</subfield>
    <subfield code="t">e.3</subfield>
    <subfield code="w">2021-11-26</subfield>
    <subfield code="y">BK</subfield>
  </datafield>
  <datafield tag="999" ind1=" " ind2=" ">
    <subfield code="c">13907</subfield>
    <subfield code="d">13907</subfield>
  </datafield>
</record>
